000
00184nam a2200097 4500
020
_a
9781445459004
082
_a
400
245
_a
Sleeping Beauty
260
_b
Parragon
942
_2
ddc
_c
ST
999
_c
1226
_d
1226